[Event "Hastings Premier 1979/80 55th"]
[Site "Hastings"]
[Date "1980.01.14"]
[Round "15"]
[White "Short, Nigel D"]
[Black "Makarichev, Sergey"]
[Result "1/2-1/2"]
[WhiteElo "2260"]
[BlackElo "2500"]
[PlyCount "23"]
[EventDate "1979.12.28"]
[EventType "tourn"]
[EventRounds "15"]
[EventCountry "ENG"]
[EventCategory "10"]
[SourceTitle "Britbase"]
[Source "John Saunders"]
[SourceDate "2025.01.01"]
[SourceVersion "1"]
[SourceVersionDate "2025.01.01"]
[SourceQuality "1"]

1. e4 e5 2. Nf3 Nf6 3. Nxe5 d6 4. Nf3 Nxe4 5. Qe2 Qe7 6. d3 Nf6 7. Bg5 Nbd7 8. Nc3 Qxe2+ 9. Bxe2 h6 10. Bd2 Nb6 11. O-O Bd7 12. a4 1/2-1/2

[Event "Hastings Challengers 1979/80"]
[Site "Hastings"]
[Date "1979.12.28"]
[Round "1"]
[White "Cordes, Hans-Joerg"]
[Black "Cafferty, Bernard"]
[Result "0-1"]
[WhiteElo "2280"]
[BlackElo "2305"]
[PlyCount "36"]
[EventDate "1979.12.28"]
[EventType "swiss"]
[EventRounds "10"]
[EventCountry "ENG"]
[SourceTitle "BritBase"]
[Source "John Saunders"]
[SourceDate "2025.06.06"]
[SourceVersion "1"]
[SourceVersionDate "2025.06.06"]
[SourceQuality "1"]

1. d4 Nf6 2. c4 e6 3. Nc3 Bb4 4. g3 c5 5. Nf3 Bxc3+ 6. bxc3 Qa5 7. Qd3 b6 8. d5 Ba6 9. e4 O-O 10. Nd2 exd5 11. exd5 Re8+ 12. Be2 b5 13. cxb5 c4 14. Qf3 Bb7 15. Nxc4 Qc7 (15... Rxe2+ {is more decisive - BC}) 16. Ne3 Qxc3+ 17. Kf1 Qxa1 18. Kg2 Qe5 {Source: Bernard Cafferty} ({The final move is given as} 18... Qd4 {in the tournament bulletin, Birmingham Post, 16 February 1980 and CHESS, Vol. 45/841-2, August-September 1980, p254}) 0-1

[Event "Hastings Challengers 1979/80"]
[Site "Hastings"]
[Date "1979.12.28"]
[Round "1"]
[White "Jacoby, Gisbert"]
[Black "Lucena, Lincoln"]
[Result "0-1"]
[WhiteElo "2310"]
[BlackElo "2350"]
[PlyCount "61"]
[EventDate "1979.12.28"]
[EventType "swiss"]
[EventRounds "10"]
[EventCountry "ENG"]
[SourceVersion "1"]
[SourceVersionDate "2025.05.21"]
[SourceQuality "1"]

1. Nf3 Nf6 2. d4 e6 3. Bf4 d5 4. e3 Be7 5. Nbd2 O-O 6. Bd3 b6 7. Qe2 Bb7 8. Ne5 Nbd7 9. Qf3 Nxe5 10. dxe5 Nd7 11. Qh3 g6 12. Bh6 Nxe5 13. Bxf8 Nxd3+ 14. cxd3 Bxf8 15. O-O-O c5 16. Nf3 Bg7 17. Qh4 Qe8 18. d4 Rc8 19. Kb1 Ba6 20. Rhe1 Bc4 21. Ne5 Bxe5 22. b3 Bg7 23. bxc4 dxc4 24. Qe4 cxd4 25. exd4 Qb5+ 26. Kc1 c3 27. Re2 Bf8 28. Rde1 Ba3+ 29. Kc2 Qb2+ 30. Kd3 c2 31. Qb7 {Source: BrasilBase} 0-1

[Event "Hastings Challengers 1979/80"]
[Site "Hastings"]
[Date "1979.12.29"]
[Round "2"]
[White "Lucena, Lincoln"]
[Black "King, Daniel John"]
[Result "1/2-1/2"]
[WhiteElo "2350"]
[BlackElo "2265"]
[PlyCount "52"]
[EventDate "1979.12.28"]
[EventType "swiss"]
[EventRounds "10"]
[EventCountry "ENG"]
[SourceTitle "BritBase"]
[Source "John Saunders"]
[SourceDate "2025.06.06"]
[SourceVersion "1"]
[SourceVersionDate "2025.06.06"]
[SourceQuality "1"]

1. c4 e5 2. Nc3 Nf6 3. Nf3 Nc6 4. g3 Bb4 5. Bg2 Bxc3 6. dxc3 d6 7. O-O O-O 8. Bg5 h6 9. Bxf6 Qxf6 10. Ne1 Be6 11. b3 Qg6 12. Nc2 f5 13. Ne3 f4 14. Nd5 Rf7 15. Qd3 Qxd3 16. exd3 f3 17. Bxf3 Rxf3 18. Nxc7 Rc8 19. Nxe6 Rxd3 20. Rad1 Rxc3 21. Rxd6 Re8 22. Nc5 Nd4 23. Nxb7 Rc2 24. Ra6 e4 25. Rd6 Nf3+ 26. Kg2 Nd2 {Source: BrasilBase} 1/2-1/2

[Event "Hastings Challengers 1979/80"]
[Site "Hastings"]
[Date "1979.12.31"]
[Round "4"]
[White "Lucena, Lincoln"]
[Black "Morrison, Graham"]
[Result "1/2-1/2"]
[WhiteElo "2350"]
[BlackElo "2220"]
[PlyCount "56"]
[EventDate "1979.12.28"]
[EventType "swiss"]
[EventRounds "10"]
[EventCountry "ENG"]
[SourceTitle "BritBase"]
[Source "John Saunders"]
[SourceDate "2025.06.06"]
[SourceVersion "1"]
[SourceVersionDate "2025.06.06"]
[SourceQuality "1"]

1. c4 Nf6 2. Nc3 c5 3. Nf3 d5 4. cxd5 Nxd5 5. d4 Nxc3 6. bxc3 g6 7. e3 Bg7 8. Bb5+ Bd7 9. a4 Qa5 10. Qb3 cxd4 11. exd4 O-O 12. O-O Be6 13. Qa3 Qc7 14. Re1 a6 15. Bf1 Nc6 16. Bg5 Rfe8 17. Bh4 Na5 18. Bg3 Qd8 19. Be5 Bc4 20. Bxg7 Kxg7 21. Bxc4 Nxc4 22. Qb4 Rc8 23. Qxb7 Qd6 24. Qb3 Qc7 25. Qa2 Qa5 26. Qb3 Qc7 27. Qa2 Qa5 28. Qb3 Qc7 {Source: BrasilBase} 1/2-1/2

[Event "Hastings Challengers 1979/80"]
[Site "Hastings"]
[Date "1980.01.02"]
[Round "5"]
[White "James, Geoffrey H"]
[Black "Norman, Kenneth I"]
[Result "1/2-1/2"]
[WhiteElo "2230"]
[BlackElo "2240"]
[PlyCount "42"]
[EventDate "1979.12.28"]
[EventType "swiss"]
[EventRounds "10"]
[EventCountry "ENG"]
[SourceTitle "Denman Collection"]
[Source "Brian Denman"]
[SourceDate "2023.11.29"]
[SourceVersion "1"]
[SourceVersionDate "2023.11.29"]
[SourceQuality "1"]

1. c4 c5 2. Nc3 g6 3. g3 Bg7 4. Bg2 Nc6 5. e3 e5 6. Nge2 Nge7 7. O-O d6 8. a3 O-O 9. Rb1 Be6 10. Nd5 Qd7 11. Nec3 Bf5 12. d3 Bh3 13. b4 Bxg2 14. Kxg2 b6 15. b5 Nd8 16. Nxe7+ Qxe7 17. Nd5 Qb7 18. e4 Ne6 19. Be3 f5 20. Qd2 Rae8 21. f3 Nc7 {Source: G H James (Denman Collection)} 1/2-1/2

[Event "Hastings Challengers 1979/80"]
[Site "Hastings"]
[Date "1980.01.04"]
[Round "7"]
[White "Lucena, Lincoln"]
[Black "Cafferty, Bernard"]
[Result "1/2-1/2"]
[WhiteElo "2350"]
[BlackElo "2305"]
[PlyCount "118"]
[EventDate "1979.12.28"]
[EventType "swiss"]
[EventRounds "10"]
[EventCountry "ENG"]
[SourceTitle "BritBase"]
[Source "John Saunders"]
[SourceDate "2025.06.06"]
[SourceVersion "1"]
[SourceVersionDate "2025.06.06"]
[SourceQuality "1"]

1. c4 Nf6 2. Nc3 e6 3. Nf3 Bb4 4. Qc2 b6 5. a3 Bxc3 6. Qxc3 Bb7 7. b3 O-O 8. Bb2 d6 9. e3 Nbd7 10. d3 Qe7 11. Be2 Rfe8 12. O-O c5 13. Rae1 Rad8 14. Nh4 e5 15. Bf3 Bxf3 16. Nxf3 Ng4 17. d4 f6 18. h3 Nh6 19. dxe5 dxe5 20. Qc2 Nf8 21. Rd1 Qb7 22. Rd2 Nf7 23. Rfd1 Rxd2 24. Nxd2 Rd8 25. Nb1 Rxd1+ 26. Qxd1 Qd7 27. Qc2 Nd6 28. Nc3 Kf7 29. Nd5 Nf5 30. b4 cxb4 31. axb4 Ne7 32. Nc3 h6 33. c5 Ne6 34. Ba3 Qc8 35. Ne4 Qd7 36. Qb3 Kg6 37. Qc2 Kf7 38. Nd6+ Kg8 39. Kh2 Nc8 40. Ne4 Kh8 41. Kg1 Ng5 42. Ng3 Kg8 43. h4 Ne6 44. Ne4 Qd8 45. h5 Ne7 46. Kf1 Ng5 47. Nxg5 hxg5 48. Ke2 Nc8 49. Qd3 Qe8 50. Qd5+ Kh7 51. g4 g6 52. hxg6+ Kxg6 53. Qe4+ Kg7 54. Qb7+ Kh6 55. f3 Kg6 56. Qd5 Qh8 57. Qd3+ Kg7 58. Qd7+ Kg6 59. Kd2 Qg8 {... drawn on move 72. Source: BrasilBase} 1/2-1/2

[Event "Hastings Challengers 1979/80"]
[Site "Hastings"]
[Date "1980.01.05"]
[Round "8"]
[White "Cafferty, Bernard"]
[Black "Hebden, Mark L"]
[Result "1-0"]
[WhiteElo "2305"]
[BlackElo "2230"]
[PlyCount "85"]
[EventDate "1979.12.28"]
[EventType "swiss"]
[EventRounds "10"]
[EventCountry "ENG"]
[SourceTitle "Cafferty, Bernard"]

1. c4 c5 2. Nf3 Nf6 3. Nc3 g6 4. e4 Bg7 5. d4 O-O 6. Be2 d6 7. O-O Na6 8. Re1 cxd4 9. Nxd4 Nc5 10. f3 a6 11. Be3 Bd7 12. Qd2 Rc8 13. Rac1 Ne6 14. Nb3 Bc6 15. Nd5 Nd7 16. Na5 f5 17. exf5 gxf5 18. b4 Kh8 19. Bf2 Ne5 20. f4 Ng6 21. g3 Rg8 22. Kf1 Nef8 23. Bd3 e6 24. Nb6 Rc7 25. b5 Be8 26. Be2 Ne7 27. c5 d5 28. bxa6 bxa6 29. Bxa6 Ra7 30. Be2 Nc6 31. Nxc6 Bxc6 32. a4 Qe8 33. a5 Nd7 34. Nxd7 Qxd7 35. Bd4 Rga8 36. Ra1 Bxd4 37. Qxd4+ Kg8 38. Reb1 Qg7 39. Qxg7+ Kxg7 40. Rb6 Rc7 41. a6 d4 42. Bb5 {(sealed)} Bxb5+ 43. Rxb5 {Source: Bernard Cafferty} 1-0

[Event "Hastings Challengers 1979/80"]
[Site "Hastings"]
[Date "1980.01.05"]
[Round "8"]
[White "Davies, Nigel Rodney"]
[Black "Lucena, Lincoln"]
[Result "1/2-1/2"]
[WhiteElo "2220"]
[BlackElo "2350"]
[PlyCount "86"]
[EventDate "1979.12.28"]
[EventType "swiss"]
[EventRounds "10"]
[EventCountry "ENG"]
[SourceTitle "BritBase"]
[Source "John Saunders"]
[SourceDate "2025.06.06"]
[SourceVersion "1"]
[SourceVersionDate "2025.06.06"]
[SourceQuality "1"]

1. e4 c5 2. Nf3 d6 3. Bb5+ Bd7 4. Bxd7+ Nxd7 5. O-O Ngf6 6. Qe2 e6 7. c3 Be7 8. d4 d5 9. e5 Ne4 10. Ne1 h6 11. Be3 Qb6 12. Nd3 c4 13. Nf4 g6 14. f3 Ng5 15. Qc2 Nxe5 16. h4 Nh7 17. Re1 Nd3 18. Qa4+ Kf8 19. Nxd3 cxd3 20. Bxh6+ Kg8 21. g3 Qd8 22. Kg2 Nf8 23. Bxf8 Kxf8 24. Rh1 Bxh4 25. Rxh4 Rxh4 26. gxh4 Qxh4 27. Qd1 Kg7 28. Nd2 Rh8 29. Nf1 Rh5 30. Qe1 Qh1+ 31. Kf2 Rg5 32. Nd2 Rg2+ 33. Ke3 Re2+ 34. Qxe2 Qxa1 35. Kxd3 Qxb2 36. Qe5+ Kh7 37. a4 Qb6 38. Qf6 Kg8 39. Qe7 Qa6+ 40. Ke3 Qxa4 41. Qxb7 a5 42. Qb8+ Kg7 43. Qe5+ Kg8 {Source: BrasilBase} 1/2-1/2

[Event "Hastings Challengers 1979/80"]
[Site "Hastings"]
[Date "1980.01.06"]
[Round "9"]
[White "Lucena, Lincoln"]
[Black "Taylor, Timothy"]
[Result "0-1"]
[WhiteElo "2350"]
[BlackElo "2450"]
[PlyCount "104"]
[EventDate "1979.12.28"]
[EventType "swiss"]
[EventRounds "10"]
[EventCountry "ENG"]
[SourceTitle "BritBase"]
[Source "John Saunders"]
[SourceDate "2025.06.06"]
[SourceVersion "1"]
[SourceVersionDate "2025.06.06"]
[SourceQuality "1"]

1. c4 e6 2. Nc3 Nf6 3. e4 d5 4. e5 d4 5. exf6 dxc3 6. bxc3 Qxf6 7. d4 b6 8. Be2 Bb7 9. Bf3 Bxf3 10. Nxf3 Bd6 11. Qa4+ c6 12. O-O O-O 13. Bg5 Qf5 14. Rab1 Rc8 15. Rxb6 h6 16. Bh4 Qd3 17. Rb7 c5 18. Bg3 Bxg3 19. hxg3 cxd4 20. cxd4 Qxc4 21. Qa3 Nc6 22. Rc1 Qd5 23. Rc5 Qe4 24. Qc3 Nd8 25. Re7 Rxc5 26. Re8+ Kh7 27. dxc5 Rb8 28. Kh2 f6 29. Qd4 Qxd4 30. Nxd4 e5 31. Nb3 Nc6 32. Rxb8 Nxb8 33. Na5 Kg8 34. c6 Na6 35. g4 Kf7 36. Kg3 Ke6 37. Kf3 Kd5 38. Ke3 g6 39. f3 Kd6 40. g3 Nb4 41. Nc4+ Kxc6 42. a3 Kd5 43. Nxe5 Nc2+ 44. Kd2 Kxe5 45. Kxc2 Kd4 46. Kd2 a5 47. Ke2 Kc3 48. Ke3 Kb3 49. Kd3 Kxa3 50. Kc3 f5 51. gxf5 gxf5 52. f4 h5 {Source: BrasilBase} 0-1

[Event "Hastings Challengers 1979/80"]
[Site "Hastings"]
[Date "1980.01.07"]
[Round "10"]
[White "Martin, Andrew D"]
[Black "Lucena, Lincoln"]
[Result "1-0"]
[WhiteElo "2330"]
[BlackElo "2350"]
[PlyCount "69"]
[EventDate "1979.12.28"]
[EventType "swiss"]
[EventRounds "10"]
[EventCountry "ENG"]
[SourceTitle "BritBase"]
[Source "John Saunders"]
[SourceDate "2025.06.06"]
[SourceVersion "1"]
[SourceVersionDate "2025.06.06"]
[SourceQuality "1"]

1. d4 Nf6 2. c4 c5 3. d5 b5 4. cxb5 a6 5. e3 g6 6. Nc3 d6 7. a4 Bg7 8. Qb3 Nfd7 9. Nf3 O-O 10. Ra3 axb5 11. Bxb5 Na6 12. O-O Nb4 13. Bd2 Nf6 14. e4 Rb8 15. Re1 Nd3 16. Bxd3 Rxb3 17. Rxb3 Nd7 18. Ra1 Qc7 19. Nb5 Qb7 20. Nbd4 Qa8 21. Nc6 Re8 22. Bc3 Ba6 23. Bxa6 Qxa6 24. Rb5 Bxc3 25. bxc3 Nb6 26. Nd2 Ra8 27. Nb3 Nc4 28. Nxe7+ Kg7 29. Nc6 Re8 30. f3 f5 31. exf5 Re2 32. Nd8 Ne3 33. Ne6+ Kh6 34. Nf4 Rb2 35. Nxc5 {Source: BrasilBase} 1-0